[Event "Brasschaat op 15th"]
[Site "Brasschaat"]
[Date "2015.08.17"]
[Round "3"]
[White "De Cock, Cesar"]
[Black "Carpentier, Julian"]
[Result "0-1"]
[WhiteElo "1453"]
[BlackElo "1573"]
[PlyCount "67"]
[EventDate "2015.08.15"]
[EventType "swiss"]
[EventRounds "9"]
[EventCountry "BEL"]
[SourceTitle "EXT 2016"]
[Source "ChessBase"]
[SourceDate "2015.10.08"]
[SourceVersion "1"]
[SourceVersionDate "2015.10.08"]
[SourceQuality "1"]

1. d4 d5 2. c4 c6 3. e3 Nf6 4. Nc3 e6 5. a3 Nbd7 6. Nf3 Bd6 7. b4 0-0 8. Qc2 a5 9. bxa5 Rxa5 10. c5 Bc7 11. Bd2 Ra8 12. Bd3 e5 13. e4 exd4 14. Nxd4 Nxc5 15. Be2 Ncxe4 16. 0-0 Re8 17. Be3 Nxc3 18. Qxc3 Ne4 19. Qc2 Be5 20. Ra2 Bd6 21. a4 Qh4 22. Nf3 Qe7 23. Bd3 f5 24. g3 f4 25. gxf4 Rf8 26. Qc1 Qf6 27. Kh1 Bg4 28. Bxe4 dxe4 29. Qc4+ Be6 30. Qxe4 Bxa2 31. Rg1 Bd5 32. Ng5 Bxe4+ 33. Nxe4 Qe6 34. f3 0-1

[Event "Brasschaat op 15th"]
[Site "Brasschaat"]
[Date "2015.08.16"]
[Round "2"]
[White "Pattyn, Luc"]
[Black "De Cock, Cesar"]
[Result "1-0"]
[WhiteElo "1665"]
[BlackElo "1453"]
[PlyCount "69"]
[EventDate "2015.08.15"]
[EventType "swiss"]
[EventRounds "9"]
[EventCountry "BEL"]
[SourceTitle "EXT 2016"]
[Source "ChessBase"]
[SourceDate "2015.10.08"]
[SourceVersion "1"]
[SourceVersionDate "2015.10.08"]
[SourceQuality "1"]

1. d4 d5 2. Bf4 e6 3. e3 Bd6 4. Bxd6 Qxd6 5. a3 Nf6 6. Nd2 Nbd7 7. Ngf3 a6 8. c4 c6 9. Rc1 0-0 10. Bd3 Qe7 11. 0-0 e5 12. dxe5 Nxe5 13. Nxe5 Qxe5 14. cxd5 cxd5 15. Qc2 g6 16. Nf3 Qe7 17. h3 Ne4 18. Qc7 Qxc7 19. Rxc7 b5 20. Rfc1 Be6 21. Nd4 Nd6 22. Nxe6 fxe6 23. Re7 Rac8 24. Rxc8 Nxc8 25. Rxe6 Rd8 26. Rxa6 Nd6 27. Rb6 Ne8 28. Bxb5 Ng7 29. a4 Rc8 30. Bc6 Rd8 31. b4 d4 32. exd4 Rxd4 33. a5 Ne6 34. a6 Nc7 35. Rb8+ 1-0

[Event "Brasschaat op 03rd"]
[Site "Brasschaat"]
[Date "2003.08.24"]
[Round "2"]
[White "Timmermans, Georges"]
[Black "De Cock, Cesar"]
[Result "1/2-1/2"]
[WhiteElo "1786"]
[BlackElo "1534"]
[PlyCount "78"]
[EventDate "2003.08.24"]
[EventType "swiss"]
[EventRounds "9"]
[EventCountry "BEL"]
[SourceTitle "EXT 2017"]
[Source "ChessBase"]
[SourceDate "2016.10.25"]
[SourceVersion "1"]
[SourceVersionDate "2016.10.25"]
[SourceQuality "1"]

1. e4 c5 2. Nc3 a6 3. f4 d6 4. Nf3 e6 5. g3 Nc6 6. Bg2 Qc7 7. 0-0 Be7 8. d4 cxd4 9. Nxd4 Nxd4 10. Qxd4 Bf6 11. Qd3 Bxc3 12. bxc3 Nf6 13. Ba3 0-0 14. Bxd6 Qb6+ 15. Kh1 Rd8 16. e5 Nd5 17. Rab1 Qe3 18. Rf3 Qxd3 19. Rxd3 b5 20. Kg1 Ra7 21. Rbd1 Bb7 22. f5 g6 23. f6 h6 24. Bc5 Raa8 25. Rb1 Rd7 26. Rbd1 Rc8 27. Bd4 Rcc7 28. a3 Rc4 29. Be3 Kh7 30. Bd4 Rdc7 31. Bxd5 Bxd5 32. Re3 g5 33. Rdd3 Ra4 34. Bb6 Rcc4 35. Bd8 Rxa3 36. Be7 Ra1+ 37. Kf2 Rh1 38. Rxd5 exd5 39. Kg2 Rc1 1/2-1/2

[Event "Brasschaat op 03rd"]
[Site "Brasschaat"]
[Date "2003.08.??"]
[Round "8"]
[White "De Cock, Cesar"]
[Black "Thys, Marie Jeanne"]
[Result "1/2-1/2"]
[WhiteElo "1534"]
[BlackElo "1301"]
[PlyCount "35"]
[EventDate "2003.08.24"]
[EventType "swiss"]
[EventRounds "9"]
[EventCountry "BEL"]
[SourceTitle "EXT 2017"]
[Source "ChessBase"]
[SourceDate "2016.10.25"]
[SourceVersion "1"]
[SourceVersionDate "2016.10.25"]
[SourceQuality "1"]

1. d4 Nf6 2. c4 e6 3. Nc3 b6 4. e3 Bb7 5. Nf3 Be7 6. Be2 c5 7. 0-0 0-0 8. a3 d5 9. dxc5 Bxc5 10. b4 Be7 11. Bb2 h6 12. Rc1 a6 13. cxd5 Nxd5 14. Nxd5 Bxd5 15. Ne1 Nd7 16. Bf3 Nf6 17. Bxd5 Nxd5 18. Nf3 1/2-1/2

[Event "Brasschaat op 02nd"]
[Site "Brasschaat"]
[Date "2002.08.??"]
[Round "2"]
[White "De Cap, Jan"]
[Black "De Cock, Cesar"]
[Result "0-1"]
[WhiteElo "1244"]
[BlackElo "1700"]
[PlyCount "54"]
[EventDate "2002.08.??"]
[EventType "swiss"]
[EventRounds "7"]
[EventCountry "BEL"]
[SourceTitle "EXT 2005"]
[Source "ChessBase"]
[SourceDate "2004.11.15"]
[SourceVersion "1"]
[SourceVersionDate "2004.11.15"]
[SourceQuality "1"]

1. d4 Nf6 2. Nf3 e6 3. c4 b6 4. Nc3 Bb7 5. Qd3 Nc6 6. a3 a5 7. Bg5 Be7 8. Rd1 d6 9. e3 0-0 10. Be2 d5 11. Ne5 Nxe5 12. dxe5 Nd7 13. Bxe7 Qxe7 14. Qd4 c5 15. Qf4 dxc4 16. 0-0 Ba6 17. a4 Rfd8 18. Bf3 Rac8 19. Ne4 c3 20. Nd6 Rc7 21. Rfe1 cxb2 22. h4 f6 23. Bh5 Nxe5 24. Nf5 exf5 25. Rxd8+ Qxd8 26. Rd1 Qxd1+ 27. Kh2 Qxh5 0-1

[Event "Antwerp League-ch op"]
[Site "Antwerp"]
[Date "1994.02.13"]
[Round "7"]
[White "De Cock, Cesar"]
[Black "Wouters, Constant"]
[Result "0-1"]
[WhiteElo "1587"]
[BlackElo "1514"]
[PlyCount "98"]
[EventDate "1993.09.26"]
[EventType "swiss"]
[EventRounds "9"]
[EventCountry "BEL"]
[SourceTitle "EXT 2021"]
[Source "ChessBase"]
[SourceDate "2020.10.23"]
[SourceVersion "1"]
[SourceVersionDate "2020.10.23"]
[SourceQuality "1"]

1. d4 Nf6 2. c4 e6 3. Nc3 Bb4 4. Bd2 0-0 5. Nf3 c5 6. dxc5 Bxc5 7. a3 a5 8. e3 Nc6 9. Bd3 d5 10. Qc2 d4 11. Nd1 e5 12. e4 Bg4 13. Bg5 Bxf3 14. gxf3 Be7 15. b3 Nh5 16. Bxe7 Qxe7 17. Nb2 Qf6 18. 0-0-0 Nf4 19. Rhg1 Rfc8 20. Rg3 Qe7 21. c5 Rc7 22. Na4 Nd8 23. Kb2 Nde6 24. b4 axb4 25. axb4 Nxd3+ 26. Rxd3 Nf4 27. Rd2 Qe6 28. Kb1 Qc6 29. Nb6 Re8 30. Qc4 Qxb6 31. Qxf7+ Rxf7 32. cxb6 Rf6 33. Rc2 Rxb6 34. Rc7 Rxb4+ 35. Kc2 g6 36. Rg5 Re6 37. h4 b5 38. Rc5 Rc4+ 39. Rxc4 bxc4 40. Rg1 Nh3 41. Rg2 Kf7 42. Rh2 Nf4 43. Rh1 Rf6 44. Rh2 Nd3 45. Kd2 Rxf3 46. Ke2 Rf6 47. Kf1 Rb6 48. Rh3 Rb1+ 49. Kg2 Nf4+ 0-1